00551nai a2200157Ia 4500003000900000008004100009022002200050022002300072040001600095245005300111260003400164310001400198362002800212521006900240856008400309IN-BaIIA211028c9999 xx s 000 0 eng d a0020-8701 (Print) a1468-2451 (Online) cIIA Library 0aInternational Social Science Journalh[eJournal] aNew JerseybJohn Wiley & Sons aQuarterly a49(151); 1997 - Present bSubscribed through National Knowledge Resource Consortium (NKRC) uhttps://onlinelibrary.wiley.com/journal/14682451yClick Here to Access eJournal